[Event "HUN-chT2 Maroczy 1112"]
[Site "Hungary"]
[Date "2012.05.06"]
[Round "10"]
[White "Halasz, Tamas"]
[Black "Jesenski, Tibor"]
[Result "1-0"]
[WhiteElo "2356"]
[BlackElo "2324"]
[PlyCount "57"]
[EventDate "2011.09.25"]
[EventType "team-tourn"]
[EventRounds "11"]
[EventCountry "HUN"]
[SourceTitle "EXT 2013"]
[Source "ChessBase"]
[SourceDate "2012.11.22"]
[SourceVersion "1"]
[SourceVersionDate "2012.11.22"]
[SourceQuality "1"]
[WhiteTeam "Fuezesabony"]
[BlackTeam "Roszke"]
[WhiteTeamCountry "HUN"]
[BlackTeamCountry "HUN"]

1. d4 d5 2. Nf3 Nf6 3. c4 e6 4. Nc3 Nbd7 5. Bg5 c6 6. e3 Qa5 7. Nd2 Bb4 8. Qc2 0-0 9. Be2 e5 10. 0-0 exd4 11. Nb3 Qc7 12. Nxd4 dxc4 13. Bxc4 Ng4 14. Bf4 Bd6 15. Ne6 Qb8 16. Nxf8 Bxf4 17. Qxh7+ Kxf8 18. exf4 Qxf4 19. Rae1 Nde5 20. Re4 Qf6 21. Qh8+ Ke7 22. f4 Be6 23. Qxa8 Qh4 24. Qxb7+ Kf8 25. Qb8+ Ke7 26. h3 Qg3 27. hxg4 Nxg4 28. Rxe6+ fxe6 29. Qd6+ 1-0

[Event "HUN-chT2 Maroczy 1112"]
[Site "Hungary"]
[Date "2012.03.25"]
[Round "8"]
[White "Farago, Sandor"]
[Black "Halasz, Tamas"]
[Result "1-0"]
[WhiteElo "2278"]
[BlackElo "2356"]
[PlyCount "73"]
[EventDate "2011.09.25"]
[EventType "team-tourn"]
[EventRounds "11"]
[EventCountry "HUN"]
[SourceTitle "EXT 2013"]
[Source "ChessBase"]
[SourceDate "2012.11.22"]
[SourceVersion "1"]
[SourceVersionDate "2012.11.22"]
[SourceQuality "1"]
[WhiteTeam "Taban Spartacus"]
[BlackTeam "Fuezesabony"]
[WhiteTeamCountry "HUN"]
[BlackTeamCountry "HUN"]

1. e4 e5 2. Nf3 Nc6 3. Bb5 a6 4. Ba4 Nf6 5. 0-0 Be7 6. Re1 b5 7. Bb3 d6 8. c3 0-0 9. h3 Na5 10. Bc2 c5 11. d4 Qc7 12. a3 cxd4 13. cxd4 Bb7 14. Nc3 Nc4 15. b3 exd4 16. Nxd4 Nb6 17. Bb2 Rfe8 18. Rc1 Bf8 19. Bb1 Qd7 20. f4 g6 21. Qd2 Bh6 22. Qf2 Rac8 23. Rcd1 Rxc3 24. Bxc3 Nxe4 25. Bxe4 Bxe4 26. Nf3 Qc6 27. Qd4 Qc5 28. Ng5 f5 29. Qxc5 dxc5 30. Rd6 Bxg5 31. fxg5 Nc8 32. Rd7 Ne7 33. Bf6 Kf8 34. Rc1 Bc6 35. Rc7 Bd5 36. R1xc5 Bxb3 37. Rxe7 1-0

[Event "HUN-chT2 Maroczy 1112"]
[Site "Hungary"]
[Date "2012.01.29"]
[Round "5"]
[White "Halasz, Tamas"]
[Black "Gyori, Szabolcs"]
[Result "1-0"]
[WhiteElo "2356"]
[BlackElo "2167"]
[PlyCount "59"]
[EventDate "2011.09.25"]
[EventType "team-tourn"]
[EventRounds "11"]
[EventCountry "HUN"]
[SourceTitle "EXT 2013"]
[Source "ChessBase"]
[SourceDate "2012.11.22"]
[SourceVersion "1"]
[SourceVersionDate "2012.11.22"]
[SourceQuality "1"]
[WhiteTeam "Fuezesabony"]
[BlackTeam "Oroshaza"]
[WhiteTeamCountry "HUN"]
[BlackTeamCountry "HUN"]

1. d4 Nf6 2. Nf3 d6 3. c4 Nbd7 4. Nc3 e5 5. e4 Be7 6. Be2 0-0 7. 0-0 c6 8. Qc2 Qc7 9. Rd1 Re8 10. Rb1 a5 11. b3 Nf8 12. h3 Ng6 13. Be3 Bf8 14. d5 Bd7 15. dxc6 bxc6 16. c5 dxc5 17. Na4 Nf4 18. Bxc5 Nxe2+ 19. Qxe2 Nh5 20. Bxf8 Rxf8 21. Qd2 Nf6 22. Qd6 Ra7 23. Nc5 Qc8 24. Nxe5 Bxh3 25. gxh3 Qxh3 26. Rd3 Qh4 27. Nxc6 Ng4 28. Qxf8+ Kxf8 29. Rd8+ Qxd8 30. Nxd8 1-0

[Event "HUN-chT2 Maroczy 1112"]
[Site "Hungary"]
[Date "2011.11.13"]
[Round "3"]
[White "Szajbely, Zsigmond"]
[Black "Halasz, Tamas"]
[Result "1/2-1/2"]
[WhiteElo "2210"]
[BlackElo "2356"]
[PlyCount "45"]
[EventDate "2011.09.25"]
[EventType "team-tourn"]
[EventRounds "11"]
[EventCountry "HUN"]
[SourceTitle "EXT 2013"]
[Source "ChessBase"]
[SourceDate "2012.11.22"]
[SourceVersion "1"]
[SourceVersionDate "2012.11.22"]
[SourceQuality "1"]
[WhiteTeam "Maroczy"]
[BlackTeam "Fuezesabony"]
[WhiteTeamCountry "HUN"]
[BlackTeamCountry "HUN"]

1. e4 e5 2. Nf3 Nc6 3. d4 exd4 4. Nxd4 Bc5 5. Be3 Qf6 6. c3 Nge7 7. Bc4 Ne5 8. Be2 Qg6 9. 0-0 d6 10. f4 Qxe4 11. Bf2 Bxd4 12. cxd4 N5g6 13. g3 0-0 14. Nc3 Qf5 15. d5 Bd7 16. Re1 Rfe8 17. Bd3 Qh3 18. Bf1 Qg4 19. Be2 Qf5 20. Bd3 Qh3 21. Bf1 Qf5 22. Bd3 Qh3 23. Bf1 1/2-1/2

[Event "HUN-chT2 Maroczy 1112"]
[Site "Hungary"]
[Date "2011.11.12"]
[Round "4"]
[White "Halasz, Tamas"]
[Black "Gelle, Istvan"]
[Result "1/2-1/2"]
[WhiteElo "2356"]
[BlackElo "2354"]
[PlyCount "28"]
[EventDate "2011.09.25"]
[EventType "team-tourn"]
[EventRounds "11"]
[EventCountry "HUN"]
[SourceTitle "EXT 2013"]
[Source "ChessBase"]
[SourceDate "2012.11.22"]
[SourceVersion "1"]
[SourceVersionDate "2012.11.22"]
[SourceQuality "1"]
[WhiteTeam "Fuezesabony"]
[BlackTeam "Lila Futo"]
[WhiteTeamCountry "HUN"]
[BlackTeamCountry "HUN"]

1. d4 d5 2. Nf3 c6 3. c4 Nf6 4. e3 Bf5 5. Nc3 e6 6. Qb3 Qb6 7. c5 Qc7 8. Nh4 Be7 9. Nxf5 exf5 10. Bd3 g6 11. f3 0-0 12. Bd2 Nbd7 13. Qc2 Rfe8 14. 0-0 Bf8 1/2-1/2

[Event "HUN-chT2 Maroczy 1112"]
[Site "Hungary"]
[Date "2011.10.30"]
[Round "2"]
[White "Racz, Zoltan"]
[Black "Halasz, Tamas"]
[Result "0-1"]
[WhiteElo "2279"]
[BlackElo "2356"]
[PlyCount "70"]
[EventDate "2011.09.25"]
[EventType "team-tourn"]
[EventRounds "11"]
[EventCountry "HUN"]
[SourceTitle "EXT 2013"]
[Source "ChessBase"]
[SourceDate "2012.11.22"]
[SourceVersion "1"]
[SourceVersionDate "2012.11.22"]
[SourceQuality "1"]
[WhiteTeam "Nyiregyhaza"]
[BlackTeam "Fuezesabony"]
[WhiteTeamCountry "HUN"]
[BlackTeamCountry "HUN"]

1. e4 e5 2. Nf3 Nc6 3. Bb5 a6 4. Ba4 Nf6 5. 0-0 Be7 6. Re1 b5 7. Bb3 d6 8. c3 0-0 9. h3 Na5 10. Bc2 c5 11. d4 Qc7 12. Nbd2 cxd4 13. cxd4 Bb7 14. d5 Rac8 15. Bd3 Nd7 16. Nf1 f5 17. Bg5 Nf6 18. b3 fxe4 19. Bxe4 Nxe4 20. Rxe4 Bxg5 21. Nxg5 Qc2 22. Re2 Qg6 23. Ne4 Rf4 24. Nfg3 Ba8 25. Qd2 Nb7 26. Rc1 Rcf8 27. Kh2 h5 28. f3 h4 29. Nf1 Nc5 30. Nxc5 dxc5 31. Qe3 e4 32. Nd2 exf3 33. Nxf3 Qg3+ 34. Kh1 Bxd5 35. Rxc5 Rxf3 0-1

[Event "HUN-chT2 Maroczy 1011"]
[Site "Hungary"]
[Date "2011.05.01"]
[Round "10"]
[White "Halasz, Tamas"]
[Black "Seres, Bela"]
[Result "1/2-1/2"]
[WhiteElo "2359"]
[BlackElo "2269"]
[PlyCount "84"]
[EventDate "2010.09.12"]
[EventType "team-tourn"]
[EventRounds "11"]
[EventCountry "HUN"]
[SourceTitle "EXT 2012"]
[Source "ChessBase"]
[SourceDate "2011.11.24"]
[SourceVersion "1"]
[SourceVersionDate "2011.11.24"]
[SourceQuality "1"]
[WhiteTeam "Fuzesabony"]
[BlackTeam "Lila Futo"]
[WhiteTeamCountry "HUN"]
[BlackTeamCountry "HUN"]

1. Nf3 g6 2. d4 Bg7 3. c4 Nf6 4. Nc3 d5 5. cxd5 Nxd5 6. Na4 Nb6 7. Bg5 0-0 8. e3 N8d7 9. Be2 Nxa4 10. Qxa4 c5 11. 0-0 cxd4 12. Nxd4 h6 13. Bh4 Nb6 14. Qa3 g5 15. Bg3 Bd7 16. Rfd1 Qe8 17. Qa5 e5 18. Nb5 Bxb5 19. Bxb5 Qe7 20. e4 Rfc8 21. Rac1 Rxc1 22. Rxc1 Rc8 23. Rxc8+ Nxc8 24. Qc3 Nd6 25. Bd3 Ne8 26. f3 Qc7 27. Qxc7 Nxc7 28. Bc4 b6 29. Kf1 Kf8 30. Ke2 Ke7 31. Kd3 f6 32. a4 Kd6 33. Bf2 Kc6 34. b4 Bf8 35. b5+ Kb7 36. Bf7 a6 37. Kc4 axb5+ 38. axb5 Be7 39. Bd5+ Ka7 40. g3 Ne8 41. Bc6 Nc7 42. Be3 Bd6 1/2-1/2